Options for Use of Charitable Sharing for Protection of Public Health During the COVID-19 Pandemic – Experience from the Czech Republic

Identifikácia foriem charitatívneho zdieľania na ochranu verejného zdravia počas pandémie COVID-19 šírenej novým koronavírusom SARS-CoV-2 na základe kvantitatívnej obsahovej analýzy dát z Českej republiky. Ilustrácia na prípadovej štúdii s použitím zdieľania produkčnej kapacity, laboratórnych kapací...

ver descrição completa

Na minha lista:
Detalhes bibliográficos
Autor principal: Tětrevová, Liběna
Formato: Capítulo de Livro
Idioma:inglês
Assuntos:
Tags: Adicionar Tag
Sem tags, seja o primeiro a adicionar uma tag!

MARC

LEADER 00000naa a2200000 4500
001 0267413
005 20221019084817.0
041 0 |a eng 
044 |a SK 
245 1 0 |a Options for Use of Charitable Sharing for Protection of Public Health During the COVID-19 Pandemic – Experience from the Czech Republic  |c Liběna Tetřevová 
520 |a Identifikácia foriem charitatívneho zdieľania na ochranu verejného zdravia počas pandémie COVID-19 šírenej novým koronavírusom SARS-CoV-2 na základe kvantitatívnej obsahovej analýzy dát z Českej republiky. Ilustrácia na prípadovej štúdii s použitím zdieľania produkčnej kapacity, laboratórnych kapacít, technológií, materiálnych možností, času, informácií, znalostí a kultúrnej produkcie. Odporúčania pre úspešné zvládanie pandemických krízových situácií na základe výsledkov analýzy. 
610 2 0 |a Česko 
610 2 0 |a ochrana zdravia 
610 2 0 |a činnosť charitatívna 
610 2 0 |a vírusy 
610 2 0 |a choroby civilizačné 
610 2 0 |a analýza kvantitatívna 
610 2 0 |a analýza obsahová 
610 2 0 |a štúdie prípadové 
610 2 0 |a koronavírus 
610 2 0 |a pandémia 
100 1 |a Tětrevová, Liběna